| 000 | 00488nam a22001817a 4500 | ||
|---|---|---|---|
| 003 | LK-CoDNM | ||
| 005 | 20250228144256.0 | ||
| 008 | 250123b |||||||| |||| 00| 0 eng d | ||
| 040 |
_aLK-CoDNM _dLK-CoDNM _eLK-CoDNM |
||
| 041 | _aeng | ||
| 080 |
_aRC _b585 |
||
| 100 | _aHOCART,AM | ||
| 245 | _aTHE TEMPLE OF THE TOOTH IN KANDY | ||
| 260 |
_aMARDAS _c1874 _bASANI EDUCATION SEVICES |
||
| 300 | _aVIII, 20p. : ill ; 22cm | ||
| 650 | _aTHE TEMPLE OF THE TOOTH IN KANDY | ||
| 942 | _cBK | ||
| 999 |
_c238584 _d238584 |
||